• 首页
  • 本馆介绍
  • 公告通知
  • 最新文献
  • 馆藏检索
  • 电子资源
  • 读者导购
  • 参考咨询
  • 我的图书馆
  • 登录
  • 详细信息显示
  • 放入我的书架
  • 预约/预借图书
  • 作者相关作品
  • 分类相关作品
  • 丛书相关作品
  • 出版社相关作品

书目信息

  • 表格格式
  • 工作单格式
  • 卡片格式
题名:
中庸不败
    
 
作者: 崔建林 编著
分册:  
出版信息: 北京   大众文艺出版社  2005
页数: 244页
开本: 21cm
丛书名: 生活之美
单 册:
中图分类: B95-49 , B822
科图分类:
主题词: 道教--通俗读物 , 道教 , 国家--道德
电子资源:
ISBN: 7-80171-605-1
000 01057oam2 2200301 450
001 0965887082
005 20090929182024.01
010    @a7-80171-605-1@dCNY25.80
100    @a20050508d2005 em y0chiy50 ea
101 0  @achi
102    @aCN@b110000
105    @aa z 000fy
106    @ar
200 1  @a中庸不败@e生活故事中的儒思@f崔建林编著@Azhong yong bu bai
210    @a北京@c大众文艺出版社@d2005
215    @a244页@c图@d21cm
225 2  @a生活之美
330    @a本书通过讲述寓言和小故事,宣扬了道家强调顺应自然的思想。很多时候,我们无法改变所处的情境,但是,真正得到快乐的人,不是因为处于某种特定的情况中,而是因为他们知道快乐是一种心情,能在各种环境中,保持顺应和适应的态度。
461  0 @1001002879475
517 1  @a生活故事中的儒思@Asheng huo gu shi zhong de ru si
606 0  @a道教@j通俗读物
606 0  @a道教
606 0  @a国家@x道德
690    @aB95-49@v4
690    @aB822@v4
701  0 @a崔建林@c(编辑)@4编著@Acui jian lin
801  0 @aCN@b大连网信软件有限公司图书馆·11@c20090929
905    @a10447@dB822@eJY152
    
    中庸不败:生活故事中的儒思/崔建林编著.-北京:大众文艺出版社,2005
    244页:图;21cm .-(生活之美 )
    
    
    ISBN 7-80171-605-1:CNY25.80
    本书通过讲述寓言和小故事,宣扬了道家强调顺应自然的思想。很多时候,我们无法改变所处的情境,但是,真正得到快乐的人,不是因为处于某种特定的情况中,而是因为他们知道快乐是一种心情,能在各种环境中,保持顺应和适应的态度。
●
相关链接 在E读中查询图书 在五车中查询图书 在当当中查询图书 在豆瓣中查询图书


正题名:中庸不败     索取号:B822/JY152         预约/预借

序号 登录号 条形码 馆藏地/架位号 状态 备注
1 7829752   278297521   学院路分馆/ [索取号:B822/JY152] 在馆    
2 7829753   278297530   学院路分馆/ [索取号:B822/JY152] 在馆    
3 7829754   278297549   学院路分馆/ [索取号:B822/JY152] 在馆    
4 7829755   278297558   学院路分馆/ [索取号:B822/JY152] 在馆    
唐山师范学院图书馆 欢迎您!
大连网信软件有限公司© 版权所有